| 000 | 00346 a2200121 4500 | ||
|---|---|---|---|
| 003 | Nust | ||
| 005 | 20170207154221.0 | ||
| 040 | _cNust | ||
| 082 | _a371.33 | ||
| 245 | _aBattle Check; Care Storage and Adm of Drugs in Ho (DVD-32) | ||
| 440 | _aBattle Check; Care Storage and Adm of Drugs in Ho (DVD-32) | ||
| 538 | _aDuration Mins 24,20 | ||
| 650 |
_aTFC No 38, MED 299 _cDVD-32 |
||
| 999 |
_c195289 _d195289 |
||